000 00223nam a22000857a 4500
008 170329b xxu||||| |||| 00| 0 eng d
100 _93067
_aCCE CBSE
245 _aSolution Information Technology
260 _aNew Delhi
_bCBSE
_c2010
999 _c6343
_d6343